Biblioteka Instytutu Północnego w Olsztynie

Widok standardowy Widok MARC

Pozycja Geographic Name

Liczba rekordów, w których użyto hasła: 1

001 - Numer kontrolny

  • control field: 39380

003 - Identyfikator numeru kontrolnego

  • control field: NUKAT

005 - Data i czas ostatniej modyfikacji

  • control field: 20260401002455.0

008 - Dane kontrolne kodowane (40 znaków)

  • fixed length control field: 201028n||azznnbabn |a ana |c

010 ## - Numer kontrolny Biblioteki Kongresu

  • numer kontrolny LC: p 2020135686

034 ## - CODED CARTOGRAPHIC MATHEMATICAL DATA

  • Coordinates - westernmost longitude: E0195755
  • Coordinates - easternmost longitude: E0195755
  • Coordinates - northernmost latitude: N0532521
  • Coordinates - southernmost latitude: N0532521
  • Source: geonames

035 ## - Numer systemowy

  • numer systemowy: (PL)a1000000831163

040 ## - Instytucja sporządzająca rekord

  • inst. przygot. dane do rek. khw: WA N
  • język haseł przedmiotowych/tezaurus: DBN
  • inst. wprow. rek. khw: WA N

043 ## - Kod obszaru geograficznego

  • ISO code: PL

151 ## - Hasło - nazwa geograficzna

  • nazwa geograficzna: Groszki (woj. warmińsko-mazurskie, pow. działdowski, gm. Rybno)

368 ## - Other Attributes

  • Juris type: Wsie

451 ## - Trop zob. - nazwa geograficzna

  • nazwa geograficzna: Groschken

670 ## - Źródło informacji

  • źródło informacji: Groszki i Naguszewo / Jerzy Marian Anczykowski. - Rybno ; [Kraków], 2020.

670 ## - Źródło informacji

  • źródło informacji: TERYT

670 ## - Źródło informacji

  • źródło informacji: Wikipedia
Biblioteka Instytutu Północnego, ul. Partyzantów 87, 10-402 Olsztyn, email: biblioteka(at)ip.olsztyn.pl